| 000 | 00399pam a2200145a 44500 | ||
|---|---|---|---|
| 008 | 230405s2007 xxu||||| |||| 00| 0 eng d | ||
| 041 | _aENG | ||
| 100 | _aDAS VIJENDRA | ||
| 245 | _aPROBLEMS FACING PLANT BREEDING | ||
| 250 | _a1ST ED.2000, RP.2007 Ed. | ||
| 260 |
_aNEW DELHI _bCBS PUB _c2007 |
||
| 300 | _a242p. | ||
| 440 | _aBHARATI GRAHAK BHANDAR,BILL NO. 4424, DT-16/08/2018 | ||
| 906 | _a2185 | ||
| 999 |
_c291063 _d291063 |
||